Landlocked Africa: Clickable Quiz Stats

Quiz Updated Apr 24, 2012

Challenge
Share
Tweet
Embed
Score 0/16 Timer 03:00
0 Plays Today
% Correct
Chad
84.8%
Lesotho
82%
Central African Republic
80.7%
Rwanda
78.9%
Niger
75.9%
South Sudan
72.7%
Swaziland
71.3%
Botswana
69.8%
% Correct
Burundi
68.2%
Uganda
68%
Burkina Faso
63.8%
Mali
63.7%
Malawi
61.9%
Zambia
58.3%
Zimbabwe
55.6%
Ethiopia
55%

You're not logged in!

Compare scores with friends on all Sporcle quizzes.
Sign Up with Email
OR
Log In

You Might Also Like...

Show Comments

Extras

Top Quizzes Today


Score Distribution

Your Account Isn't Verified!

In order to create a playlist on Sporcle, you need to verify the email address you used during registration. Go to your Sporcle Settings to finish the process.